| 000 | 00627nam a2200193 u 4500 | ||
|---|---|---|---|
| 005 | 20221116063531.0 | ||
| 008 | 180620s2017 ea r 000 0 eng d | ||
| 020 | _a9781783098767 | ||
| 035 | _aUPN01000225612 | ||
| 049 | _aCG | ||
| 050 | 4 |
_aPD2611 _bC7.6 |
|
| 245 | 1 | 0 |
_aCrosslinguistic influence and distinctive patterns of language learning : _bfindings and insights from a learner corpus / _ced. Anne Golden. |
| 260 |
_aBristol, UK : _bMultilingual Matters, _c2017. |
||
| 300 | _axi, 280 p. | ||
| 650 | 4 |
_aAdquisición de segundo lenguaje _9215 |
|
| 700 | 1 |
_aGolden, Anne, _bed. |
|
| 905 | _aLibro | ||
| 999 |
_c197708 _d197708 |
||